Discrete mathematical structures with applications to computer science / (Record no. 176884)
[ view plain ]
| 000 -LEADER | |
|---|---|
| fixed length control field | 00969 a2200241 4500 |
| 003 - CONTROL NUMBER IDENTIFIER | |
| control field | NUST |
| 005 - DATE AND TIME OF LATEST TRANSACTION | |
| control field | 20221103141030.0 |
| 010 ## - LIBRARY OF CONGRESS CONTROL NUMBER | |
| LC control number | 74023954 |
| 020 ## - INTERNATIONAL STANDARD BOOK NUMBER | |
| International Standard Book Number | 0070651426 |
| 040 ## - CATALOGING SOURCE | |
| Transcribing agency | Nust |
| 082 00 - DEWEY DECIMAL CLASSIFICATION NUMBER | |
| Classification number | 510.240901,TRE |
| 100 1# - MAIN ENTRY--PERSONAL NAME | |
| Personal name | Tremblay, Jean-Paul |
| 9 (RLIN) | 97755 |
| 245 10 - TITLE STATEMENT | |
| Title | Discrete mathematical structures with applications to computer science / |
| Statement of responsibility, etc. | J. P. Tremblay, R. Manohar. |
| 260 ## - PUBLICATION, DISTRIBUTION, ETC. | |
| Place of publication, distribution, etc. | New York : |
| Name of publisher, distributor, etc. | McGraw-Hill, |
| Date of publication, distribution, etc. | [1975] |
| 300 ## - PHYSICAL DESCRIPTION | |
| Extent | xvi, 606 p. : |
| Other physical details | ill. ; |
| Dimensions | 24 cm. |
| 490 0# - SERIES STATEMENT | |
| Series statement | McGraw-Hill computer science series |
| 505 ## - FORMATTED CONTENTS NOTE | |
| Formatted contents note | Mathematical logic(Page-1), Normal forms (Page-50), Set theory(Page-104), Algebraic structures(Page-270), Lattices and boolean algebra(Page-378), Graph theory(Page-468), Introduction to computability theory(Page-557), Appendix(Page-585). |
| 650 #0 - SUBJECT ADDED ENTRY--TOPICAL TERM | |
| Topical term or geographic name entry element | Electronic data processing. |
| 650 #0 - SUBJECT ADDED ENTRY--TOPICAL TERM | |
| Topical term or geographic name entry element | Machine theory. |
| 9 (RLIN) | 18056 |
| 650 #0 - SUBJECT ADDED ENTRY--TOPICAL TERM | |
| Topical term or geographic name entry element | Mathematics. |
| 700 1# - ADDED ENTRY--PERSONAL NAME | |
| Personal name | Manohar, R., |
| Dates associated with a name | 1925- |
| 9 (RLIN) | 102329 |
| 942 ## - ADDED ENTRY ELEMENTS (KOHA) | |
| Source of classification or shelving scheme | |
| Koha item type | Book |
| Call number prefix | 510.240901,TRE |
| Withdrawn status | Lost status | Source of classification or shelving scheme | Damaged status | Not for loan | Permanent Location | Current Location | Shelving location | Date acquired | Full call number | Barcode | Date last seen | Price effective from | Koha item type | Public note |
|---|---|---|---|---|---|---|---|---|---|---|---|---|---|---|
| Military College of Signals (MCS) | Military College of Signals (MCS) | General Stacks | 12/12/2016 | 510.240901,TRE | MCS32588 | 12/08/2016 | 12/12/2016 | Book | Almirah No.10, Shelf No.3 |
